The Lesotho review : an overview of the Kingdom of Lesotho's economy.

Bibliographic Details
Format: Book
Published: Maseru: Wade Publications, 2013.
Edition:2013 ed..
Subjects:
LEADER 00522cam a2200157 7i4500
001 0000031465
005 20140717090000.0
090 0 0 |a LESO 330.9   |b LES 
245 0 4 |a The Lesotho review :   |b an overview of the Kingdom of Lesotho's economy. 
250 0 0 |a 2013 ed.. 
260 0 0 |a Maseru:   |b Wade Publications,   |c 2013. 
300 # # |a 120 p. 
650 0 0 |a Lesotho --   |x Economic conditions  
651 0 0 |a Lesotho  
999 |a 0000033779  |b Book  |c Countries  |e Business Information Centre 
999 |a 0000033778  |b Book  |c Countries  |e Business Information Centre